00784 a2200193 4500003000500000005001700005010001600022020001700038040000900055082001500064100002400079245006300103250001200166260003100178300002100209505031500230650002900545700001600574Nust20230307095427.0 a 87037465 a0385237847 : cNust00a355.02,CRE0 aCreveld, Martin Van14aThe art of war and military thought /cMartin Van Creveld a1st ed. aLondon :bDoubleday,c2000 a224 p. ;c28 cm. aIntroduction Studying War (Page-13), Chinese Military Thought (Page-19), From Antiquity to The Middle Ages (Page-37), From 1500 to 1763 (Page-67), Guibert to Clausewitz (Page-95), The Nineteenth Century (Page-121), Naval Warfare (Page-145), The Interwar Period (Page-161), From 1945 to The Present (Page-185). 0aMilitary art and science1 aWing, R. L.